| 000 | 01289cam a22003858i 4500 | ||
|---|---|---|---|
| 001 | 21765454 | ||
| 003 | OSt | ||
| 005 | 20231030104408.0 | ||
| 006 | m |o d | | ||
| 007 | cr ||||||||||| | ||
| 008 | 201015s2022 nju o 001 0 eng | ||
| 010 | _a 2020047144 | ||
| 020 | _z129240194x | ||
| 040 |
_aDLC _beng _cDLC _erda |
||
| 042 | _apcc | ||
| 050 | 0 | 0 |
_aQP34.5 _b.M37 2022 |
| 082 | 0 | 0 |
_a612 _223 |
| 100 | 1 | _aMarieb, Elaine Nicpon, | |
| 245 | 1 | 0 |
_aEssentials of human anatomy & physiology / _cElaine N. Marieb |
| 250 | _a13th ed. | ||
| 264 | 1 |
_aHoboken, NJ : _bPearson, _c2022 |
|
| 300 | _a655p. | ||
| 336 |
_atext _btxt _2rdacontent |
||
| 337 |
_acomputer _bc _2rdamedia |
||
| 338 |
_aonline resource _bcr _2rdacarrier |
||
| 500 | _aIncludes index. | ||
| 588 | _aDescription based on print version record and CIP data provided by publisher; resource not viewed. | ||
| 650 | 0 | _aHuman physiology. | |
| 650 | 0 | _aHuman anatomy. | |
| 700 | 1 | _aKeller, Suzanne M., | |
| 776 | 0 | 8 |
_iPrint version: _aMarieb, Elaine Nicpon, 1936- _tEssentials of human anatomy & physiology _bThirteenth edition. _dHoboken, NJ : Pearson, [2022] _z9780135624234 _w(DLC) 2020047143 |
| 906 |
_a7 _bcbc _corignew _d1 _eecip _f20 _gy-gencatlg |
||
| 942 |
_2lcc _cBK |
||
| 999 |
_c20377 _d20376 |
||